000
00313nam a22001337a 4500
008
170922b xxu||||| |||| 00| 0 eng d
020
_a
0873523792
041
_a
eng
080
_2
3RD
_a
37
100
_a
46
101
_a
ARK
245
_a
MLA HANDBOOK FOR WRITERS OF RESEARCH PAPERS
_c
GIBALDI,J
942
_2
udc
_c
BK
999
_c
29013
_d
29013